Gaudí (Registro nro. 12157)

Detalles MARC
000 -LEADER
longitud fija campo de control 01919nam a22005657a 4500
003 - IDENTIFICADOR DE NUMERO DE CONTROL
control del campo AR-RoUNA
005 - FECHA DE LA ULTIMA MODIFICACION
control del campo 20251006073759.0
008 - CAMPO DE CONTROL - LIBROS
longitud fija campo de control 251003b |||||||| |||| 00| 0 spa d
020 ## - INTERNATIONAL STANDARD BOOK NUMBER
ISBN 9788484784500
040 ## - ORIGEN DE LA CATALOGACION
Agencia que cataloga la obra original AR-RoUNA
Idioma en que se cataloga spa
Entidad que modifico el registro AR-RoUNA
041 ## - CODIGO DE IDIOMA
Codigo de idioma del texto / sonido o titulo separado spa
044 ## - CODIGO DE PAIS / ENTIDAD PRODUCTORA
Codigo MARC del pais ag
100 1# - ASIENTO PRINCIPAL - NOMBRE PERSONAL
Nombre personal Cirlot, Juan-Eduardo
9 (RLIN) 27480
245 10 - TITULO PROPIAMENTE DICHO
Titulo Gaudí
Subtitulo :introduccion a su arquitectura /
Mencion de responsabilidad, etc Juan-Eduardo Cirlot; fotografias de Pere Vivas y Ricard Pla
250 ## - MENCION DE EDICION
Edicion declarada 1a. ed.
260 ## - EDITORIAL - PUBLICACION, DISTRIBUCION, ETC. (Pie de imprenta)
Lugar de publicacion, distribucion, etc Barcelona :
Nombre del editor, distribuidor, etc Triangle Postals D.L,
Fecha de publicacion 2010
300 ## - DESCRIPCION FISICA
Extension 286 p.:
Otros detalles fisicos fot. col.,
Dimensiones 16x16 cm
505 0# - NOTA DE CONTENIDO CON FORMATO
Título INDICE
505 0# - NOTA DE CONTENIDO CON FORMATO
Título principal Introduccion a la arquitectura de Gaudi /p.21
505 0# - NOTA DE CONTENIDO CON FORMATO
Título principal Elementos ideologicos de su tiempo /p.25
505 0# - NOTA DE CONTENIDO CON FORMATO
Título principal Las primeras obras (1878-1892) /p.31
505 0# - NOTA DE CONTENIDO CON FORMATO
Título Casa Vicens /p.37
505 0# - NOTA DE CONTENIDO CON FORMATO
Título El Capricho /p.49
505 0# - NOTA DE CONTENIDO CON FORMATO
Título Pabellones dela Finca Guell /p.71
505 0# - NOTA DE CONTENIDO CON FORMATO
Título Colegio Teresiano /p.89
505 0# - NOTA DE CONTENIDO CON FORMATO
Título Palacio Episcopal de Astorga /p.99
505 0# - NOTA DE CONTENIDO CON FORMATO
Título Casa Botines /p.105
505 0# - NOTA DE CONTENIDO CON FORMATO
Título principal Periodo de madurez (1892-1914) /p.111
505 0# - NOTA DE CONTENIDO CON FORMATO
Título Bodegas Guell /p.121
505 0# - NOTA DE CONTENIDO CON FORMATO
Título Casa Calvet /p.127
505 0# - NOTA DE CONTENIDO CON FORMATO
Título Casa Figueras "Bellesguard" /p.137
505 0# - NOTA DE CONTENIDO CON FORMATO
Título Park Guell /p.149
505 0# - NOTA DE CONTENIDO CON FORMATO
Título Restauracion de la Catedral de Mallorca /p.173
505 0# - NOTA DE CONTENIDO CON FORMATO
Título Casa Batllo /p.179
505 0# - NOTA DE CONTENIDO CON FORMATO
Título Casa Mila "La Pedrera" /p.209
505 0# - NOTA DE CONTENIDO CON FORMATO
Título Cripta de la Colonia Guell /p.235
505 0# - NOTA DE CONTENIDO CON FORMATO
Título principal Años finales (1914-1926) /p.247
505 0# - NOTA DE CONTENIDO CON FORMATO
Título Basilica de la Sagrada Familia /p.253
505 0# - NOTA DE CONTENIDO CON FORMATO
Título principal Antonio Gaudi (1852-1926). Biografia /p.280
650 #4 - MATERIA - TERMINO TEMATICO
Término temático general Arquitectura española
650 #4 - MATERIA - TERMINO TEMATICO
Término temático general Modernismo
650 #4 - MATERIA - TERMINO TEMATICO
Término temático general Estudio de la forma
650 #4 - MATERIA - TERMINO TEMATICO
Término temático general Artistas españoles
700 1# - ENTRADA SECUNDARIA - NOMBRES PERSONALES
Nombre personal Vivas, Pere
9 (RLIN) 27483
700 1# - ENTRADA SECUNDARIA - NOMBRES PERSONALES
Nombre personal Pla, Ricard
9 (RLIN) 27484
908 ## - SOPORTE
Soporte Imp
942 ## - FUENTE DE CLASIFICACION
Clasificacion Universal Decimal Classification
945 ## - INFORMACION DE PROCESAMIENTO
Fecha de ingreso o modificacion 2025-10-03
980 ## - DECLARACIÓN DE EQUIVALENCIA O SERIE DE REFERENCIA CRUZADA - NOMBRE / TÍTULO PERSONAL [LOCAL, CANADÁ]
Código del operador 1
Nombre del operador Maricel Allasia
Código del operador que modifico el registro 5
Nombre del operador que modifico el registro María Machado
Existencias
Estado retiro Estado perdido Sistema de clasificacion Estado general Restricciones de uso Biblioteca de origen Ubicacion actual Localizacion en estante Fecha de adquisicion Fuente de adquisicion Prestamos totales Signatura y librística Proveedor Numero de ejemplar Nota no publica
Disponible Disponible cdu No dañado Ningun uso de restricciones Arq. Hilarión H. Larguia Arq. Hilarión H. Larguia Ref 03/10/2025 Don   72.036 C578 18389 ej. 1